01209nac a22002657a 450000500170000000800410001704000270005804100080008504400070009309000130010010000310011324500790014426000540022330000420027749000680031950501710038765000420055865000460060065000500064670000360069670000320073294200150076499900170077995201470079620150811161741.0150811b2014 ck |||||r|||| 00| 0 spa d aCO-BoIAVH cCO-BoIAVH 0 aspa ack aEA-b3041 aRentería Maturana, Elmer1 aCocinar conservandobmanual para la construcción de fogones ahorraleña3 aBogotá (Colombia):bFundación MarViva,c2014. a28 cm.bfotografías, color.c21 cm. aProyecto Incentivos a la Conservación, caso piloto Pacífico aMateriales y herramientas para construir el fogón ahorraleña. El paso a paso para construir un fogón ahorraleña. Recomendaciones de uso y cuidado del fogón. 6aConservación de ecosistemasvManual 6aProducto forestalvManualxConservación 6aMateriales de construcciónvManualxFogón1 aMurillo Palacios, Jorge Enrique1 aTavera Escobar, Héctor A. 2zcFolleto c17665d17665 00102z40708EDUAMBIENTIINV2017aVenadobVenadod2015-08-11l0oEA-304p038946r2015-08-11 00:00:00tEj. 1w2015-08-11xDonaciónyFolleto